| 000 -LEADER |
| fixed length control field |
00818nam a2200229Ia 4500 |
| 001 - CONTROL NUMBER |
| control field |
9862 |
| 003 - CONTROL NUMBER IDENTIFIER |
| control field |
GE_BSU |
| 008 - FIXED-LENGTH DATA ELEMENTS--GENERAL INFORMATION |
| fixed length control field |
181216s||||||||xx |||||||||||||| ||und|| |
| 040 ## - CATALOGING SOURCE |
| Transcribing agency |
GE_BSU |
| 080 ## - UNIVERSAL DECIMAL CLASSIFICATION NUMBER |
| Universal Decimal Classification number |
821.353.1-1 |
| 100 ## - MAIN ENTRY--PERSONAL NAME |
| Personal name |
ნონეშვილი,იოსებ |
| 245 ## - TITLE STATEMENT |
| Title |
მხოლოდ ლირიკა |
| 245 ## - TITLE STATEMENT |
| Remainder of title |
რჩეული ლირიკული ლექსები |
| 245 ## - TITLE STATEMENT |
| Statement of responsibility, etc. |
რედ:დ.ივარდავა; მხატვ:გ.ღლონტი |
| 260 ## - PUBLICATION, DISTRIBUTION, ETC. |
| Place of publication, distribution, etc. |
თბილისი |
| 260 ## - PUBLICATION, DISTRIBUTION, ETC. |
| Name of publisher, distributor, etc. |
საბჭ.საქართველო |
| 260 ## - PUBLICATION, DISTRIBUTION, ETC. |
| Date of publication, distribution, etc. |
1973 |
| 300 ## - PHYSICAL DESCRIPTION |
| Extent |
302გვ;17სმ. |
| 300 ## - PHYSICAL DESCRIPTION |
| Other physical details |
1ფ.პორტრ. |
| 653 ## - INDEX TERM--UNCONTROLLED |
| Uncontrolled term |
მხოლოდ ლირიკა;რჩეული ლირიკული ლექსები |
| 942 ## - ADDED ENTRY ELEMENTS (KOHA) |
| Koha item type |
წიგნი |